000 00483nam a2200169 a 4500
001 000006359
005 20200929153924.0
008 110713s1983 dr 000 0 spa d
040 _aDO-SdBNP
_bspa
_cBNPHU
082 _axxxx
_bM738e
100 1 _aMonclus, Miguel Angel
_917696
245 1 0 _aEscenas criollas /
_cMiguel Angel Monclus.
260 _aSanto Domingo :
_bEducativa Dominicana,
_c1983.
300 _a225 p. ;
_c22 cm.
490 1 _aEnsayos
_v10
830 0 _aEnsayos
_n10
_917697
999 _c6154
_d6154